MARC

LEADER 00000nam2a2200000 4500
001 121517
005 20231031125425.0
035 |a (RuTPU)RU\TPU\book\131596 
090 |a 121517 
100 |a 20070915d1950 k y0rusy50 ca 
101 1 |a rus  |c eng 
102 |a RU 
105 |a a z 001zy 
200 0 |a Т. 2 
210 |d 1950 
215 |a 488 с.  |c ил. 
320 |a Предметный указатель: с. 487-488. 
461 1 |0 (RuTPU)RU\TPU\book\148568  |t Фотоупругость. Поляризационно-оптический метод исследования напряжений  |o в 2 т: пер. с англ.  |f М. М. Фрохт  |v Т. 2  |d 1948 
610 1 |a фотоупругость 
610 1 |a исследования напряжений 
610 1 |a поляризационно-оптические методы 
610 1 |a уравнения совместимости 
610 1 |a функции напряжений 
610 1 |a принцип Сен-Венана 
610 1 |a радиальные напряжения 
610 1 |a круглые диски 
610 1 |a сосредоточенная нагрузка 
610 1 |a влияние 
610 1 |a поперечные экстензометры 
610 1 |a уравнения Лапласа 
610 1 |a численное решение 
610 1 |a метод итерации 
610 1 |a метод приращений 
610 1 |a конформное преобразование 
610 1 |a объемные модели 
610 1 |a наклонное просвечивание 
610 1 |a круглое сечение 
610 1 |a рассеянный свет 
610 1 |a материал 
675 |a 539.319  |v 3 
801 1 |a RU  |b 63413507  |c 20070915  |g PSBO 
801 2 |a RU  |b 63413507  |c 20141028  |g PSBO 
942 |c BK